[Event "29th World Junior Girls"]
[Site "Chennai IND"]
[Date "2011.08.04"]
[Round "3"]
[White "Shristi,J"]
[Black "Tsatsalashvili,K"]
[Result "0-1"]
[WhiteElo "1927"]
[BlackElo "2318"]
[EventDate "2011.08.02"]

1. e4 c5 2. Nf3 d6 3. d3 Nc6 4. g3 e6 5. Bg2 Nf6 6. O-O d5 7. Nbd2 Be7 8.
Re1 a6 9. a4 b6 10. Qe2 Bb7 11. c3 h6 12. Nf1 Qd7 13. Bd2 dxe4 14. dxe4
O-O-O 15. b4 cxb4 16. cxb4 Bxb4 17. Bxb4 Nxb4 18. Ne5 Qe7 19. Qe3 Nd7 20.
Nxd7 Rxd7 21. Qxb6 Rc7 22. Rab1 Nd3 23. Red1 Ne5 24. Ne3 Rd8 25. f4 Rxd1+
26. Rxd1 Nd7 27. Qb2 Qc5 28. Qd2 Qc3 29. e5 Bxg2 30. Nxg2 Qxd2 31. Rxd2
Rc1+ 32. Kf2 Ra1 33. Rd4 Nb6 34. Rd6 Kc7 35. a5 Rxa5 36. Ne3 Ra2+ 37. Kf3
Ra3 38. Ke4 Rxe3+ 39. Kxe3 Nc4+ 0-1

[Event "29th World Junior Girls"]
[Site "Chennai IND"]
[Date "2011.08.04"]
[Round "3"]
[White "Mammadova,G"]
[Black "Martinez,Ay"]
[Result "1-0"]
[WhiteElo "2294"]
[BlackElo "2011"]
[EventDate "2011.08.02"]

1. e4 c5 2. Nf3 e6 3. b3 d6 4. Bb2 Nf6 5. Nc3 Nc6 6. Bd3 Bd7 7. a3 Be7 8.
O-O O-O 9. Ne1 Ne5 10. Be2 Bc6 11. f4 Ng6 12. d3 Qc7 13. Qd2 c4 14. f5 cxd3
15. cxd3 Qb6+ 16. Kh1 Ne5 17. b4 Neg4 18. h3 Ne5 19. d4 Ned7 20. d5 Bb5 21.
Bxb5 Nh5 22. Qf2 Ndf6 23. Kh2 1-0

[Event "29th World Junior Girls"]
[Site "Chennai IND"]
[Date "2011.08.04"]
[Round "3"]
[White "Vo Thi Kim Phung"]
[Black "Anjana Krishna,S"]
[Result "1-0"]
[WhiteElo "2141"]
[BlackElo "1830"]
[EventDate "2011.08.02"]

1. d4 d5 2. Nf3 Nf6 3. c4 e6 4. Nc3 Be7 5. Bg5 O-O 6. e3 h6 7. Bh4 b6 8.
cxd5 Nxd5 9. Bg3 Nxc3 10. bxc3 Bb7 11. Bd3 c5 12. O-O Nd7 13. Qe2 Nf6 14.
e4 cxd4 15. cxd4 Rc8 16. Rfd1 Nh5 17. Ba6 Nxg3 18. hxg3 Bxa6 19. Qxa6 Rc7
20. a4 Bb4 21. Rab1 Bc3 22. Qb5 Qd6 23. Rd3 Rfc8 24. Rbd1 Rc4 25. Qh5 R4c7
26. e5 Qf8 27. g4 g6 28. Qh4 Bb4 29. g5 Be7 30. Qf4 Bxg5 31. Nxg5 hxg5 32.
Qxg5 Qe7 33. Qf4 Rc3 34. Qh6 Qf8 35. Qh4 Rxd3 36. Rxd3 Qd8 37. Qf4 Qf8 38.
Rh3 Qg7 39. Qh4 Re8 40. Qe4 Qf8 41. Qf3 Qe7 42. Qf4 Qf8 43. Qf6 Qg7 44. Qh4
Kf8 45. Rc3 Kg8 46. Rc7 Ra8 47. Kf1 Qf8 48. d5 Qa3 49. Qf4 Qd3+ 50. Ke1
Qb1+ 51. Rc1 Qb3 52. d6 Qd5 53. Kf1 b5 54. axb5 Qxb5+ 55. Kg1 Rf8 56. Qf6
Qd7 57. Rc7 Qd8 58. Rxf7 Qxf6 59. Rxf6 Rd8 60. Rxg6+ Kf7 61. Rf6+ Kg7 62.
Rxe6 a5 63. Re7+ Kg6 64. Ra7 Kf5 1-0

[Event "29th World Junior Girls"]
[Site "Chennai IND"]
[Date "2011.08.04"]
[Round "3"]
[White "Sathya,Pri"]
[Black "Pratyusha,B"]
[Result "0-1"]
[WhiteElo "1842"]
[BlackElo "2064"]
[EventDate "2011.08.02"]

1. d4 Nf6 2. c4 e6 3. Nc3 Bb4 4. e3 Bxc3+ 5. bxc3 c5 6. Bd3 Nc6 7. Nf3 d6
8. e4 e5 9. d5 Ne7 10. Bg5 Ng6 11. Qd2 h6 12. Bxf6 Qxf6 13. O-O Nf4 14. Ne1
h5 15. Kh1 h4 16. f3 g5 17. Be2 Nh5 18. Kg1 Ng3 19. Rf2 g4 20. Qe3 Qg6 21.
Bd3 Nh5 22. fxg4 Bxg4 23. Be2 Bd7 24. Nd3 Nf6 25. Bf3 Nh7 26. Raf1 Ng5 27.
Kh1 O-O-O 28. Nc1 Rdf8 29. Nb3 b6 30. Nd2 Kc7 31. Be2 f6 32. Bd3 Rf7 33.
Nf3 Nxf3 34. Rxf3 Bg4 35. R3f2 h3 36. g3 Rhf8 37. Kg1 Kb7 38. a3 f5 39.
exf5 Bxf5 40. Be2 Bd7 41. Rxf7 Rxf7 42. Rxf7 Qxf7 43. Bd3 Qh5 44. Be2 Qg6
45. Bd3 Bf5 46. Be2 Ka6 47. Qf3 Be4 48. Qe3 Bg2 49. Bd3 Qg4 50. Be2 Qd7 51.
g4 Qh7 52. Bd3 e4 53. Be2 Kb7 54. Qf4 Qh4 55. Qf7+ Ka6 56. Qf2 Qg5 57. Bf1
Bxf1 58. Kxf1 Qxg4 59. Qc2 Qf3+ 60. Ke1 Qh1+ 61. Kd2 Qxh2+ 62. Kd1 0-1

[Event "29th World Junior Girls"]
[Site "Chennai IND"]
[Date "2011.08.04"]
[Round "3"]
[White "Guo,E"]
[Black "Madhurima,S"]
[Result "1-0"]
[WhiteElo "2029"]
[BlackElo "1854"]
[EventDate "2011.08.02"]

1. e4 e6 2. d4 d5 3. exd5 exd5 4. Nf3 Bd6 5. h3 Nc6 6. c4 Nf6 7. Nc3 dxc4
8. Bxc4 O-O 9. O-O Bf5 10. Re1 h6 11. Be3 Qd7 12. Bf1 Rfe8 13. Rc1 Nb4 14.
Nh4 Bh7 15. Bc4 c6 16. Qd2 Rad8 17. Nf3 Ne4 18. Nxe4 Bxe4 19. Ne5 Bxe5 20.
Qxb4 Bb8 21. Qb3 Qc7 22. g3 Qd7 23. Bf1 Qf5 24. Bg2 Bxg2 25. Kxg2 Qe4+ 26.
Kg1 Qf3 27. Qd1 Qf5 28. h4 Re6 29. a3 Rg6 30. Kh2 Rg4 31. Kg2 Qg6 32. Qf3
Rxh4 33. Rc5 Rg4 34. Rf5 h5 35. Rh1 h4 36. Rxf7 hxg3 37. Rxb7 gxf2+ 38.
Kxf2 Rf8 39. Qxf8+ Kxf8 40. Rh8+ 1-0

[Event "29th World Junior Girls"]
[Site "Chennai IND"]
[Date "2011.08.04"]
[Round "3"]
[White "Supriya,J"]
[Black "Hannes,D"]
[Result "1/2-1/2"]
[WhiteElo "1829"]
[BlackElo "2188"]
[EventDate "2011.08.02"]

1. e4 c5 2. Nc3 Nc6 3. Bb5 Nd4 4. Bc4 e6 5. Nge2 Nf6 6. O-O a6 7. a4 d5 8.
exd5 exd5 9. Ba2 Bd6 10. d3 Qc7 11. h3 Be6 12. Nxd4 cxd4 13. Ne2 Qc5 14.
Bd2 Rc8 15. c3 dxc3 16. Bxc3 Bb8 17. Bd4 Qe7 18. Qd2 h6 19. f4 O-O 20. Rae1
Qd8 21. b4 Bd7 22. Bb3 Bc7 23. Qb2 Bb6 24. a5 Bxd4+ 25. Qxd4 Bb5 26. Nc3
Qd7 27. Re5 Rfd8 28. Rfe1 Bc6 29. Kf1 Kf8 30. R1e2 Qd6 31. Kg1 Rc7 32. g4
Rcc8 33. Kf1 Rc7 34. Kg1 1/2-1/2

[Event "29th World Junior Girls"]
[Site "Chennai IND"]
[Date "2011.08.04"]
[Round "3"]
[White "Mejia Salinas,Lluvia Angelica"]
[Black "Savetha,C"]
[Result "0-1"]
[WhiteElo "1889"]
[BlackElo "1992"]
[EventDate "2011.08.02"]

1. e4 c5 2. Nf3 Nc6 3. d4 cxd4 4. Nxd4 Nf6 5. Nc3 e5 6. Ndb5 d6 7. Bg5 a6
8. Na3 b5 9. Nd5 Be7 10. Bxf6 Bxf6 11. c3 Bg5 12. Bd3 O-O 13. O-O Be6 14.
f4 exf4 15. Nxf4 Bxf4 16. Rxf4 Qg5 17. Rf2 Ne5 18. Qd2 Qg6 19. Rf4 Rad8 20.
Nc2 d5 21. Nd4 Bh3 22. g3 Qg5 23. Rd1 dxe4 24. Bxe4 f5 25. Bh1 Qh6 26. Rf2
Qb6 27. Qc1 Ng4 28. Re2 Nf6 29. Rde1 Rd6 30. Re7 Ne4 31. Bxe4 fxe4 32. Qg5
Rg6 33. Qh4 Bf5 34. Kg2 Rg4 35. Qh5 Qf6 36. Nxf5 Rg5 37. Qd1 Rxf5 38. R7xe4
Rf2+ 39. Kg1 Rxb2 40. Rf4 Qb6+ 41. Rd4 b4 42. c4 Rxa2 43. Ree4 Raf2 44. Qb3
Rf1+ 45. Kg2 R8f2+ 46. Kh3 Qh6+ 47. Rh4 Qe6+ 48. Rdg4 Rxh2+ 49. Kxh2 Qe2+
0-1

[Event "29th World Junior Girls"]
[Site "Chennai IND"]
[Date "2011.08.04"]
[Round "3"]
[White "Sithalatchumi,A"]
[Black "Salini,R"]
[Result "1/2-1/2"]
[WhiteElo "1939"]
[BlackElo "1795"]
[EventDate "2011.08.02"]

1. d4 g6 2. e4 Bg7 3. Nf3 e6 4. Nc3 Ne7 5. h4 h5 6. Bg5 d5 7. Qd2 c6 8.
O-O-O Qa5 9. Bxe7 dxe4 10. Ne5 Kxe7 11. Bc4 Bh6 12. Qxh6 Rxh6 13. Nxe4 Nd7
14. f4 f6 15. Nd3 Nb6 16. Bb3 Nd5 17. Rhe1 b6 18. c4 Nb4 19. Nxb4 Qxb4 20.
d5 cxd5 21. cxd5 Bd7 22. Kb1 a5 23. dxe6 Bc6 24. Nc3 Rc8 25. Rd7+ Bxd7 26.
Nd5+ Kf8 27. Nxb4 Re8 28. Nc2 Bc6 29. Nd4 Bxg2 30. Ba4 Re7 31. Rc1 f5 32.
Rc8+ Kg7 33. Bd7 Rh8 34. Rxh8 Kxh8 35. Kc2 Bd5 36. Kc3 Kg7 37. a4 Kf6 38.
b4 g5 39. fxg5+ Ke5 40. bxa5 bxa5 41. g6 f4 42. Nf5 Rxe6 43. Bxe6 Bxe6 44.
Nd4 Bd5 45. g7 Kf6 46. Ne2 Kf5 47. Kd4 Bg8 48. Nc3 Kg4 49. Nd5 Kxh4 50. Nf6
Bf7 51. Ke4 Kg5 52. g8=Q Bxg8 53. Nxg8 h4 54. Kf3 h3 55. Ne7 Kf6 56. Nc6
Ke6 57. Nxa5 Kd5 58. Nb3 Kc4 59. a5 Kb5 60. Kf2 Kc6 61. Nd4+ Kb7 62. Kf3
Ka6 63. Ke4 Kxa5 1/2-1/2

[Event "29th World Junior Girls"]
[Site "Chennai IND"]
[Date "2011.08.04"]
[Round "3"]
[White "Savant,R"]
[Black "Degrande,M"]
[Result "1-0"]
[WhiteElo "1743"]
[BlackElo "1890"]
[EventDate "2011.08.02"]

1. d4 Nf6 2. Nf3 g6 3. g3 Bg7 4. Bg2 O-O 5. O-O d5 6. b3 Ne8 7. Bb2 Nd6 8.
Nbd2 c5 9. c3 cxd4 10. Nxd4 e5 11. Nc2 e4 12. Ne3 Be6 13. Rc1 Re8 14. Ba1
Nf5 15. Nxf5 Bxf5 16. e3 Nc6 17. c4 d4 18. exd4 Nxd4 19. Bxd4 Bxd4 20. g4
e3 21. gxf5 e2 22. Qc2 exf1=Q+ 23. Nxf1 Qg5 24. Rd1 Qf4 25. Ng3 Rad8 26.
Rf1 Bc5 27. Bd5 Kf8 28. Qb2 Qd4 29. Qxd4 Bxd4 30. Bxb7 Bc5 31. Bd5 gxf5 32.
Nxf5 Re5 33. Ng3 Rg5 34. Kg2 Bd6 35. Kh3 Bxg3 36. fxg3 Rd7 37. b4 Rh5+ 38.
Kg2 Re5 39. a4 Rde7 40. b5 Re2+ 41. Rf2 Re1 42. a5 Ra1 43. b6 Rb1 44. c5
Rb5 45. Rc2 Rxa5 46. b7 Rb5 47. c6 Rc7 48. Ra2 Ke7 49. Rxa7 Kd6 50. Bf3
Rxc6 51. Bxc6 Kxc6 52. b8=Q Rxb8 53. Rxf7 Rh8 54. Kh3 Kd6 55. Kh4 Ke6 56.
Rb7 Kf6 57. Kh5 h6 58. Rb6+ Kf5 59. g4+ Kf4 60. Rf6+ Ke5 61. Rxh6 Rb8 1-0

[Event "29th World Junior Girls"]
[Site "Chennai IND"]
[Date "2011.08.05"]
[Round "4"]
[White "Padmini,R"]
[Black "Paikidze,N"]
[Result "1/2-1/2"]
[WhiteElo "2348"]
[BlackElo "2416"]
[EventDate "2011.08.02"]

1. e4 c5 2. Nc3 d6 3. Nge2 Nf6 4. g3 g6 5. Bg2 Bg7 6. O-O Nc6 7. d3 O-O 8.
h3 Rb8 9. g4 b5 10. Ng3 b4 11. Nce2 Ne8 12. f4 Nd4 13. Kh1 Nc7 14. Nxd4
cxd4 15. Bd2 e5 16. f5 g5 17. a3 bxa3 18. Rxa3 Nb5 19. Ra2 f6 20. c4 dxc3
21. bxc3 Rf7 22. Ne2 Rfb7 23. c4 Nc7 24. Qa1 a6 25. Nc3 Qd7 26. Bf3 Qc6 27.
Be3 Rb4 28. Rb1 Rxb1+ 29. Nxb1 h5 30. Rb2 Rxb2 31. Qxb2 hxg4 32. hxg4 a5
33. Qb6 Qxb6 34. Bxb6 Na6 35. Bxa5 Bf8 36. Bd1 Nc5 37. Bc2 Kf7 38. Kg2 Bb7
39. Nc3 Bc6 40. Kf2 Ke8 41. Ke3 Be7 42. Kd2 Bd8 43. Bb4 Kd7 44. Kc1 Na6 45.
Ba3 Ba5 46. Kb2 Bb4 47. Kb3 Nc5+ 48. Kxb4 Kc7 49. Ka5 Nb7+ 50. Kb4 Nc5 51.
Ne2 Kd7 52. Ng3 Ke7 53. Ka5 Be8 54. Nh5 Bc6 55. Ng3 Kd7 56. Ne2 Kc7 57. Kb4
Kd7 58. Ng3 Ke7 59. Kc3 Nd7 60. Bb3 Nc5 61. Bc2 Nd7 62. Nf1 Nc5 63. Nd2 Kd8
64. Nb3 Kc7 65. Nc1 Kd7 66. Ne2 Kc7 67. Ng3 Kd7 68. Kb4 Ke7 69. Ka5 Kd7 70.
Ne2 Kc7 71. Nc3 Kb7 72. Nb5 Bxb5 73. cxb5 Nd7 74. Bb3 Nb6 75. Bd5+ Kc7 76.
Bc6 Nc8 77. Ka6 Nb6 78. Ka5 Nc8 79. Bd5 Nb6 80. Kb4 Kd8 81. Kc3 Na4+ 82.
Kb4 Nb6 83. Bb3 Kc7 84. Kc3 Kd8 85. d4 Kc7 86. dxe5 dxe5 87. Kb4 Kd6 88.
Be6 Na8 89. Bd5 Nb6 90. Be6 Na8 91. Bd5 1/2-1/2

[Event "29th World Junior Girls"]
[Site "Chennai IND"]
[Date "2011.08.05"]
[Round "4"]
[White "Bulmaga,I"]
[Black "Cori T.,D"]
[Result "1/2-1/2"]
[WhiteElo "2293"]
[BlackElo "2376"]
[EventDate "2011.08.02"]

1. e4 e6 2. d4 d5 3. Nc3 Bb4 4. e5 c5 5. a3 Bxc3+ 6. bxc3 Nc6 7. Qg4 g6 8.
Nf3 Qa5 9. Bd2 Qa4 10. Ra2 Bd7 11. Qf4 c4 12. Be2 h6 13. h4 Rh7 14. Nh2
O-O-O 15. O-O Rf8 16. Ng4 Qa5 17. Bf3 Qd8 18. Qh2 h5 19. Nf6 Nxf6 20. exf6
Qxf6 21. Bg5 Qg7 22. Qd6 f6 23. Bf4 e5 24. Bh2 Bg4 25. Bxd5 Rd8 26. Qc5 Qe7
27. Qxe7 Nxe7 28. Bxc4 exd4 29. cxd4 Rxd4 30. Bb3 Bd7 31. Raa1 Nf5 32. Rad1
Rxh4 33. Rfe1 Rd4 34. Rxd4 Nxd4 35. Ba2 Bb5 36. f3 Rd7 37. c3 Ne2+ 38. Rxe2
Rd1+ 39. Kf2 Bxe2 40. Kxe2 Rc1 41. Kd2 Rh1 42. Be6+ Kd8 43. Bd6 Rb1 1/2-1/2

[Event "29th World Junior Girls"]
[Site "Chennai IND"]
[Date "2011.08.05"]
[Round "4"]
[White "Girya,O"]
[Black "Kazimova,N"]
[Result "1-0"]
[WhiteElo "2371"]
[BlackElo "2292"]
[EventDate "2011.08.02"]

1. d4 Nf6 2. c4 e6 3. Nc3 Bb4 4. e3 b6 5. Nge2 c5 6. a3 Ba5 7. Rb1 Na6 8.
g3 Bb7 9. d5 b5 10. Bg2 bxc4 11. O-O Bxc3 12. Nxc3 exd5 13. Nxd5 Nxd5 14.
Bxd5 Qb6 15. e4 O-O 16. Bf4 Rfe8 17. Qa4 Bxd5 18. exd5 Qb7 19. Rfe1 Rac8
20. Rxe8+ Rxe8 21. Qxc4 h6 22. Rd1 Qb6 23. Qa4 Qb7 24. Qc4 Qb6 25. Be3 d6
26. b4 Kf8 27. Kg2 Rc8 28. Qe4 Re8 29. Qh7 f6 30. Qd3 Qb7 31. Bf4 Qb6 32.
Be3 Qb7 33. Bf4 Qb6 34. b5 Nb8 35. a4 Nd7 36. a5 Qc7 37. Qh7 Re7 38. Rb1
Qb7 39. Qd3 Ne5 40. Bxe5 Rxe5 41. b6 a6 42. Rd1 Kf7 1-0

[Event "29th World Junior Girls"]
[Site "Chennai IND"]
[Date "2011.08.05"]
[Round "4"]
[White "Nakhbayeva,G"]
[Black "Agrest,I"]
[Result "1-0"]
[WhiteElo "2222"]
[BlackElo "2220"]
[EventDate "2011.08.02"]

1. d4 Nf6 2. c4 g6 3. Nc3 Bg7 4. Nf3 d6 5. Bg5 O-O 6. e3 Nbd7 7. Be2 a6 8.
O-O c5 9. Qc2 Rb8 10. Rfd1 Qc7 11. Rac1 Re8 12. dxc5 dxc5 13. Nd5 Qc6 14.
a4 b6 15. Bf4 e5 16. Bg3 Bb7 17. Rd2 Nxd5 18. cxd5 Qd6 19. Rdd1 f5 20. Nd2
Kh8 21. Nc4 Qf6 22. f4 exf4 23. Bxf4 b5 24. axb5 axb5 25. Na5 Qb6 26. Bxb8
Qxa5 27. Bf4 c4 28. Ra1 Qb6 29. Qd2 h6 30. Qa5 g5 31. Bh5 Re7 32. d6 Qc6
33. Bf3 Re4 34. Bg3 Bxb2 35. Qd8+ Kh7 36. Bxe4 fxe4 37. Qe7+ Kh8 38. Rab1
Bg7 39. Rf1 c3 40. Rf7 c2 41. Rc1 Qc3 42. Bf2 Qd2 43. Qd8+ Kh7 44. Qc7 Qxd6
45. Qxc2 Qd3 46. Bg3 1-0

[Event "29th World Junior Girls"]
[Site "Chennai IND"]
[Date "2011.08.05"]
[Round "4"]
[White "Bhakti,K"]
[Black "Deur,Z"]
[Result "1/2-1/2"]
[WhiteElo "2317"]
[BlackElo "2116"]
[EventDate "2011.08.02"]

1. d4 Nf6 2. Nf3 g6 3. c4 Bg7 4. Nc3 d6 5. e4 O-O 6. Be2 e5 7. d5 a5 8. Bg5
h6 9. Bh4 Na6 10. Nd2 Qe8 11. O-O Nh7 12. a3 Bd7 13. b3 Kh8 14. Rb1 f5 15.
f3 Nf6 16. b4 axb4 17. axb4 Nh5 18. c5 Nf4 19. cxd6 Nxe2+ 20. Qxe2 cxd6 21.
Nc4 g5 22. Bf2 Qg6 23. Nb6 Rad8 24. Nxd7 Rxd7 25. Bb6 f4 26. Rfc1 Bf6 27.
Nd1 Qg7 28. Rc4 Bd8 29. Bxd8 Rfxd8 30. Rbc1 Rc7 31. Nf2 Rxc4 32. Qxc4 Rd7
33. Qc8+ Kh7 34. Ng4 Rf7 35. Qe6 h5 36. Nf2 Qg6 37. Qxg6+ Kxg6 38. b5 Rc7
39. Ra1 1/2-1/2

[Event "29th World Junior Girls"]
[Site "Chennai IND"]
[Date "2011.08.05"]
[Round "4"]
[White "Eric,J"]
[Black "Forestier,C"]
[Result "1/2-1/2"]
[WhiteElo "2282"]
[BlackElo "2101"]
[EventDate "2011.08.02"]

1. e4 c5 2. Nf3 e6 3. d4 cxd4 4. Nxd4 Nf6 5. Nc3 Nc6 6. Ndb5 Bb4 7. a3
Bxc3+ 8. Nxc3 d5 9. exd5 exd5 10. Bd3 O-O 11. O-O d4 12. Ne2 Bg4 13. h3
Bxe2 14. Qxe2 Re8 15. Qf3 Ne5 16. Qxb7 Nxd3 17. cxd3 Nd5 18. Qb3 Rc8 19.
Bd2 Rb8 20. Qc2 Rc8 21. Qd1 Qb6 22. Rb1 Qb5 23. Qf3 Rc2 24. Rbe1 Rec8 25.
Bc1 Qc5 26. Qg3 Qb6 27. Qe5 Nc7 28. Re2 Ne6 29. Rxc2 Rxc2 30. Re1 h6 31.
Qg3 Kh7 32. Qf3 Kg8 33. g3 a5 34. Qa8+ Kh7 35. Qe4+ Kg8 36. Qa8+ Kh7 37.
Qe4+ Kg8 38. Qg4 Kh7 39. Qf5+ Kg8 40. Qd5 Qa6 41. Qe4 1/2-1/2

[Event "29th World Junior Girls"]
[Site "Chennai IND"]
[Date "2011.08.05"]
[Round "4"]
[White "Nandhidhaa,P"]
[Black "Hoang Thi Nhu Y"]
[Result "1-0"]
[WhiteElo "2101"]
[BlackElo "2204"]
[EventDate "2011.08.02"]

1. e4 c6 2. d4 d5 3. exd5 cxd5 4. c4 Nf6 5. Nc3 Nc6 6. Bf4 Bg4 7. Be2 Bxe2
8. Ngxe2 e6 9. c5 Be7 10. O-O O-O 11. Rb1 Nh5 12. Be3 Na5 13. Nc1 g6 14.
Nd3 Bf6 15. b3 Ng7 16. g4 Nc6 17. Ne1 b6 18. b4 bxc5 19. bxc5 Qa5 20. Qd2
Rab8 21. Nf3 Rfc8 22. Bf4 Rb4 23. Rxb4 Qxb4 24. Rd1 Qc4 25. Kg2 Bd8 26. Qb2
Na5 27. Ne5 Qa6 28. Qb5 Qxb5 29. Nxb5 Ra8 30. Rb1 f6 31. Nd3 a6 32. Nd6 Nc6
33. Rb7 Ba5 34. g5 fxg5 35. Bxg5 Ra7 36. Ne5 Rxb7 37. Nxc6 Rb2 38. Nxa5 Nf5
39. Nxf5 exf5 40. c6 Rc2 41. Be7 Kf7 42. Bc5 Ke8 43. Nb7 Rc3 44. Kf1 Rc1+
45. Ke2 Rb1 46. Kd2 f4 47. Kc2 Rf1 48. Nd6+ Kd8 49. Bb6+ Ke7 50. c7 Rxf2+
51. Kb3 Rf3+ 52. Kb4 1-0

[Event "29th World Junior Girls"]
[Site "Chennai IND"]
[Date "2011.08.05"]
[Round "4"]
[White "Pon,N"]
[Black "Dogodkina,J"]
[Result "1/2-1/2"]
[WhiteElo "2075"]
[BlackElo "2193"]
[EventDate "2011.08.02"]

1. e4 e6 2. d4 d5 3. Nc3 Bb4 4. e5 Ne7 5. a3 Bxc3+ 6. bxc3 c5 7. Qg4 O-O 8.
Bd3 f5 9. exf6 Rxf6 10. Bg5 Rf7 11. Qh4 h6 12. Bxe7 Rxe7 13. Nf3 e5 14.
dxe5 Rxe5+ 15. Kd2 Qxh4 16. Nxh4 Nc6 17. Rhe1 Bd7 18. c4 Be6 19. Rxe5 Nxe5
20. Re1 Nxd3 21. Rxe6 Nf4 22. Re7 dxc4 23. Rxb7 Rd8+ 24. Kc3 Ne2+ 25. Kxc4
Rd4+ 26. Kxc5 Rxh4 27. Rxa7 Rxh2 28. a4 Rxg2 29. a5 Rxf2 30. a6 Nf4 31. c4
Ra2 32. Ra8+ Kf7 33. a7 Ne6+ 34. Kb6 Rb2+ 35. Kc6 Ra2 36. Kb6 1/2-1/2

[Event "29th World Junior Girls"]
[Site "Chennai IND"]
[Date "2011.08.05"]
[Round "4"]
[White "Semenova,E"]
[Black "Heredia Serrano,C"]
[Result "1-0"]
[WhiteElo "2175"]
[BlackElo "2072"]
[EventDate "2011.08.02"]

1. e4 c6 2. d4 d5 3. e5 Bf5 4. Nf3 e6 5. c4 Ne7 6. Be2 dxc4 7. Bxc4 Nd7 8.
O-O Nd5 9. Nc3 Be7 10. Qe2 Nxc3 11. bxc3 O-O 12. Bb3 b5 13. Be3 Qa5 14. c4
bxc4 15. Bxc4 Be4 16. Nd2 Bd5 17. Nb3 Qd8 18. Rac1 Rc8 19. Bd2 Nb6 20. Ba6
Rb8 21. Na5 Qd7 22. Rc2 f6 23. exf6 Rxf6 24. Bd3 h6 25. Re1 Rbf8 26. f3 Bd6
27. Be4 Bc7 28. Nxc6 Bxc6 29. Rxc6 Qxd4+ 30. Kh1 Qd8 31. Bc2 e5 32. Rxf6
Rxf6 33. Bc3 Qb8 34. Qe4 g6 35. f4 Nd7 36. Qd5+ Rf7 37. Bxg6 Qe8 38. fxe5
Nxe5 39. Bxf7+ Qxf7 40. Qxf7+ Nxf7 41. Re8+ Kh7 42. Re7 1-0

[Event "29th World Junior Girls"]
[Site "Chennai IND"]
[Date "2011.08.05"]
[Round "4"]
[White "Terao,J"]
[Black "Michelle Catherina,P"]
[Result "1/2-1/2"]
[WhiteElo "2168"]
[BlackElo "2052"]
[EventDate "2011.08.02"]

1. e4 e5 2. Nf3 Nc6 3. Bb5 a6 4. Ba4 Nf6 5. Qe2 b5 6. Bb3 Bc5 7. c3 d6 8.
d3 O-O 9. O-O Bb6 10. Be3 Be6 11. Bc2 h6 12. Nbd2 Bxe3 13. fxe3 d5 14. exd5
Nxd5 15. g3 Rb8 16. e4 Nf6 17. Rfd1 Qd6 18. Nf1 Bg4 19. Ne3 Bxf3 20. Qxf3
g6 21. Kh1 Kg7 22. Bb3 Na5 23. d4 Nxb3 24. axb3 Rbe8 25. d5 Ra8 26. b4 c6
27. b3 cxd5 28. exd5 Nd7 29. Qf2 f5 30. Qd2 Rab8 31. c4 bxc4 32. bxc4 Qxb4
33. Qxb4 Rxb4 34. Rxa6 f4 35. gxf4 exf4 36. Ng4 Rxc4 37. Ra7 Rf7 38. d6 f3
39. h3 h5 40. Nf2 Rc2 41. Kg1 g5 42. Ra5 Kh6 43. Kf1 1/2-1/2

[Event "29th World Junior Girls"]
[Site "Chennai IND"]
[Date "2011.08.05"]
[Round "4"]
[White "Krumova,A"]
[Black "Lkhamsuren,U"]
[Result "1/2-1/2"]
[WhiteElo "1961"]
[BlackElo "2163"]
[EventDate "2011.08.02"]

1. Nf3 Nf6 2. g3 d5 3. Bg2 Bg4 4. d3 c6 5. O-O Nbd7 6. Nbd2 e5 7. e4 Bd6 8.
h3 Bh5 9. Qe1 O-O 10. Nh4 Bg6 11. Qe2 Re8 12. Nxg6 hxg6 13. Re1 a5 14. Nf1
Qc7 15. Bg5 dxe4 16. dxe4 b5 17. Rad1 Bb4 18. c3 Bc5 19. Rd3 b4 20. Rc1 Bb6
21. Be3 Rec8 22. Nd2 Bxe3 23. Qxe3 Nb6 24. Qc5 Na4 25. Qd6 Nxb2 26. Qxc7
Rxc7 27. Re3 Rd7 28. Re2 Rad8 29. Nf1 Rd1 30. Rcc2 Nd3 31. cxb4 Nc1 32. Re3
axb4 33. Bf3 c5 34. Bxd1 Rxd1 35. Rxc5 Nxa2 36. Rxe5 Nc3 37. Re7 Nd7 38.
Re8+ Kh7 39. Rd8 Na4 40. Rf3 Nac5 41. Rf4 g5 42. Rf5 Rc1 43. Rxf7 Rd1 44.
Rf5 Rc1 45. Rf7 Rd1 1/2-1/2

[Event "29th World Junior Girls"]
[Site "Chennai IND"]
[Date "2011.08.05"]
[Round "4"]
[White "Mahalakshmi,M"]
[Black "Divyasri,C"]
[Result "0-1"]
[WhiteElo "1901"]
[BlackElo "2123"]
[EventDate "2011.08.02"]

1. d4 Nf6 2. c4 e6 3. Nc3 Bb4 4. e3 b6 5. Nge2 c5 6. a3 Ba5 7. Rb1 Na6 8.
Bd2 Bb7 9. Nf4 O-O 10. Bd3 d5 11. cxd5 Bxc3 12. Bxc3 Nxd5 13. Nxd5 Qxd5 14.
f3 Qg5 15. Qe2 cxd4 16. Bxd4 e5 17. Bc3 Nc5 18. Bc4 Qh4+ 19. g3 Qh3 20. e4
Rfe8 21. Qf1 Qh5 22. Qe2 a6 23. O-O b5 24. Bd3 f5 25. exf5 Nxd3 26. Qxd3
Rad8 27. Qc2 e4 28. fxe4 Bxe4 29. Qb3+ Bd5 30. Qd1 Qh3 31. Rf2 Re3 32. Rd2
Rxg3+ 33. hxg3 Qh1+ 34. Kf2 Qg2+ 35. Ke1 Qxg3+ 36. Rf2 Re8+ 37. Kf1 Bc4+
38. Re2 Rxe2 39. Qxe2 Qf3+ 40. Kg1 Bxe2 41. Be5 Qe3+ 0-1

[Event "29th World Junior Girls"]
[Site "Chennai IND"]
[Date "2011.08.05"]
[Round "4"]
[White "Saranya,J"]
[Black "Hema,P"]
[Result "1/2-1/2"]
[WhiteElo "2121"]
[BlackElo "1885"]
[EventDate "2011.08.02"]

1. e4 c6 2. d4 d5 3. e5 Bf5 4. g4 Bg6 5. h4 h5 6. g5 e6 7. Bd3 Bxd3 8. Qxd3
Ne7 9. Ne2 c5 10. c3 Nbc6 11. Bf4 cxd4 12. cxd4 Qb6 13. Nbc3 Nf5 14. Rd1
Qa5 15. a3 Be7 16. Kf1 a6 17. Bc1 g6 18. b4 Qc7 19. Bb2 b5 20. Kg2 Na7 21.
Ng3 Ng7 22. Rc1 Qd7 23. Nce2 Nc8 24. Nf4 Bd8 25. Rc3 Nb6 26. Qc2 Nc4 27.
Rf3 O-O 28. Bc1 Rc8 29. Qb1 Bb6 30. Rd1 Rc6 31. Qd3 Qc7 32. Qb1 Ba7 33. Bb2
Nb6 34. Rdd3 Nc4 35. Ba1 Rc8 36. Rd1 Rf8 37. Qd3 Nb6 38. Qb1 Nc4 39. Rdd3
Rc8 40. Rd1 Rf8 41. Nxg6 fxg6 42. Rxf8+ Kxf8 43. Qxg6 Qf7 44. Qh6 Qf4 45.
Rd3 Nxe5 46. dxe5 Qxf2+ 47. Kh3 Rc2 48. Qf6+ Kg8 49. Qxf2 Bxf2 50. Bc3 Bg1
51. Bd2 Bf2 52. Nh1 Bb6 53. Ng3 Bf2 54. Nh1 Bb6 55. Ng3 Bf2 56. Nh1 Bb6
1/2-1/2

[Event "29th World Junior Girls"]
[Site "Chennai IND"]
[Date "2011.08.05"]
[Round "4"]
[White "Lasya,G"]
[Black "Tokhirjanova,H"]
[Result "0-1"]
[WhiteElo "1898"]
[BlackElo "2119"]
[EventDate "2011.08.02"]

1. e4 c6 2. d4 d5 3. Nd2 dxe4 4. Nxe4 Bf5 5. Ng3 Bg6 6. h4 h6 7. Nf3 Nd7 8.
h5 Bh7 9. Bd3 Bxd3 10. Qxd3 e6 11. Bd2 Ngf6 12. O-O-O Be7 13. Kb1 Rc8 14.
c4 O-O 15. Bc3 a6 16. Ne4 b5 17. Nxf6+ Nxf6 18. b3 bxc4 19. bxc4 c5 20. d5
exd5 21. cxd5 Qb6+ 22. Ka1 c4 23. Qf5 Bb4 24. Bd4 Qa5 25. Rc1 Nxd5 26. Qe5
Nf6 27. Qf4 Rfe8 28. Ne5 Bd2 29. Qf3 Rxe5 30. Rc2 Rce8 31. a3 Rd5 0-1

[Event "29th World Junior Girls"]
[Site "Chennai IND"]
[Date "2011.08.05"]
[Round "4"]
[White "Tsatsalashvili,K"]
[Black "Romero Echeverria,A"]
[Result "0-1"]
[WhiteElo "2318"]
[BlackElo "2071"]
[EventDate "2011.08.02"]

1. d4 Nf6 2. c4 g6 3. Nc3 d5 4. cxd5 Nxd5 5. Bd2 Nb6 6. e3 Bg7 7. Nf3 O-O
8. Be2 Nc6 9. O-O e5 10. dxe5 Nxe5 11. Nxe5 Bxe5 12. Qc2 Be6 13. Rad1 Qe7
14. e4 Rfd8 15. b3 Qc5 16. b4 Rxd2 17. Rxd2 Qxc3 18. f4 Qxc2 19. Rxc2 Bd4+
20. Kh1 c6 21. Rd1 Be3 22. g3 Nd7 23. Bf3 Nf6 24. Kg2 Bb6 25. h3 a6 26. g4
Re8 27. g5 Nd7 28. Bg4 f5 29. exf5 gxf5 30. Bh5 Re7 31. Kg3 Bd5 32. Re2
Rxe2 33. Bxe2 Nf8 34. Bd3 Be6 35. h4 Ng6 36. h5 Ne7 37. Rc1 Kf7 38. Rc2 Bc7
39. g6+ Nxg6 40. hxg6+ hxg6 41. a4 g5 42. b5 Bxf4+ 43. Kg2 cxb5 44. axb5
axb5 45. Bxb5 Kf6 0-1

[Event "29th World Junior Girls"]
[Site "Chennai IND"]
[Date "2011.08.05"]
[Round "4"]
[White "Gevorgyan,M"]
[Black "Olsarova,K"]
[Result "1-0"]
[WhiteElo "2068"]
[BlackElo "2282"]
[EventDate "2011.08.02"]

1. e4 Nf6 2. e5 Nd5 3. c4 Nb6 4. d4 d6 5. exd6 cxd6 6. Nc3 g6 7. Be3 Bg7 8.
Nf3 Nc6 9. h3 O-O 10. Be2 d5 11. c5 Nc4 12. Bxc4 dxc4 13. Qa4 Nxd4 14.
O-O-O e5 15. Qxc4 Be6 16. Qb4 Qe7 17. Nxd4 exd4 18. Bxd4 Bxd4 19. Qxd4 Rfd8
20. Qe5 f6 21. Qe3 Qf7 22. b3 Rac8 23. Rxd8+ Rxd8 24. Rd1 Rxd1+ 25. Kxd1
Bd5 26. f3 Bc6 27. Kc2 Qc7 28. Qe6+ Kg7 29. b4 Qg3 30. Qe2 a6 31. a4 Kf8
32. b5 axb5 33. axb5 Bd7 34. Nd5 Qe5 35. Qxe5 fxe5 36. b6 Bc8 37. Kd3 Kf7
38. Ke4 Ke6 39. Nc7+ Kd7 40. Kd5 g5 41. Nb5 Ke7 42. Nd6 1-0